000 00842nam a2200241 a 4500
001 000007369
005 20250512093701.0
008 090908s2003 dr 001 p spa d
020 _a9993449113
040 _aDO-SdBNP
_bspa
_cBNPHU
082 _aRD861.5
_bA445c
100 1 _aAlmánzar Botello, Armando,
_d1956-
_9826
245 1 0 _aCazador de agua y otros textos mutantes :
_bantología poética 1977-2002 /
_cArmando Almánzar Botello.
260 _aSanto Domingo :
_bNacional,
_c2003.
300 _a142 p. ;
_c21 cm.
490 1 _aLiteraria El Barco Ebrio
_v1
500 _aIncluye datos biográficos del autor en las solapas
590 _aInventariado, 2018/VM
650 0 _aPoesía dominicana
_966
650 0 _aLiteratura dominicana.
_967
830 0 _aLiteraria El Barco Ebrio
_n1
_920499
910 _aValidado. Control de calidad MFF
999 _c7150
_d7150